Вопросы атомной науки и техники. Серия : Физика и техника высокого вакуума: научно-технический сборник

Dades bibliogràfiques
Autor corporatiu: Академия наук Украинской ССР (АН УССР) Физико-технический институт (ФТИ)
Idioma:rus
Publicat: Харьков, 1973-1977
Matèries:
Format: Publicació Periòdica
KOHA link:https://koha.lib.tpu.ru/cgi-bin/koha/opac-detail.pl?biblionumber=380056

MARC

LEADER 00000nas1a2200000 4500
001 380056
005 20231101062638.0
035 |a (RuTPU)RU\TPU\prd\634 
035 |a BOOK00000634 
090 |a 380056 
100 |a 20011210c k y0rusy50 ca 
101 0 |a rus 
102 |a UA 
110 |a aja uu0 
200 1 |a Вопросы атомной науки и техники. Серия : Физика и техника высокого вакуума  |e научно-технический сборник  |f Академия наук Украинской ССР (АН УССР), Физико-технический институт (ФТИ) 
210 |a Харьков  |d 1973-1977 
326 |a 2 номера в год 
610 1 |a атомная наука 
610 1 |a атомная техника 
610 1 |a вакуум 
610 1 |a ядерные реакторы 
675 |a 621.039  |v 3 
712 0 2 |a Академия наук Украинской ССР (АН УССР)  |b Физико-технический институт (ФТИ)  |c (Харьков)  |2 stltpush  |3 (RuTPU)RU\TPU\col\15746 
801 0 |a RU  |b 63413507  |c 20011210  |g PSBO 
801 2 |a RU  |b 63413507  |c 20130916  |g PSBO 
942 |c CR 
999 |a НТБ_ТПУ  |b НФ  |e -1/20010101  |p П-5906  |v 1